Na zemi sú tvoje hviezdy

Bibliographic Details
Main Author: Ondrejov, Ľudo, 1901-1962 (Author)
Format: Book
Language:Slovak
PhysicalDescription:182, [2] s. 8°
Published: Bratislava Pravda 1950
Edition:1. vyd.
Series:Krásna próza
Subjects:

MARC

LEADER 00000cam a2200000 a 4500
001 vtls008388549
003 SK-MaSNL
005 20260301123532.0
008 230403s1950 xo 000 f slo
015 |a SNBA19451955-008482 
035 |a SK01SNKBKSFS20010080766 
035 |a urn:nbn:sk:snk-am3ietd 
035 |a urn:nbn:sk:snk-am00e7al 
035 |a 57475C6F-ED9D-42C0-9326-9844396305CA 
035 |a SKM000083229 
040 |a SNK  |b slo  |c SNK  |e AACR2 
041 0 |a slo 
044 |a xo  |c SK 
080 |a 885.4  |2 1981 
100 1 |a Ondrejov, Ľudo,  |d 1901-1962  |4 aut  |9 56066 
245 1 0 |a Na zemi sú tvoje hviezdy  |c Ľudo Ondrejov 
250 |a 1. vyd. 
260 |a Bratislava  |b Pravda  |c 1950  |e Košice  |f Pravda 
300 |a 182, [2] s.  |c 8° 
366 |e 5000 výtl. 
490 1 |a Krásna próza 
655 7 |a slovenské romány  |2 SNKPH  |9 70324 
700 1 |i Pokračovanie diela:  |a Ondrejov, Ľudo,  |d 1901-1962  |t Zbojnícka mladosť  |9 470624 
700 1 |i Pokračovanie diela:  |a Ondrejov, Ľudo,  |d 1901-1962  |t Jerguš Lapin  |9 111965 
830 0 |a Krásna próza  |9 309126 
852 |a Slovenská národná knižnica 
954 |a beletria pôvodná (slovenská)  |2 lita 
958 |a EUIPO 
958 |a OND 
958 |a RK 
958 |a TL 
999 |c 736581  |d 738511 
952 |a SNK  |b SNK  |y VYP  |7 0  |p 17A0400457  |o snkSD 7048 D1  |i snkD 293/63  |8 1  |0 0  |1 0  |4 0  |d 2003-10-15  |l 0  |r 2005-01-02 00:00:00  |w 2026-02-23 
952 |a SNK  |b SNK  |y VYP  |7 0  |p 17A0400864  |o snkSD 7048 D2  |i snkF 7819/63  |8 5  |0 0  |1 0  |4 0  |d 2009-12-09  |l 0  |r 2026-02-23 22:46:34  |w 2026-02-23 
952 |a SNK  |b SNK  |y PREZ  |7 0  |p 17A0909929  |o snkSD 7048  |i snk5567/50  |0 0  |1 0  |4 0  |d 2019-10-15  |f 1  |l 0  |r 2025-11-17 00:00:00  |w 2026-02-23 
952 |a SNKLM  |b SNKLM  |y NEVYP  |7 0  |o snklmMK 3462  |0 0  |1 0  |4 0  |d 2003-10-16  |l 0  |r 2005-01-02 00:00:00  |w 2026-02-23